|
|
|
|
| LEADER |
00000nam a22000007a 4500 |
| 005 |
20220511213043.0 |
| 007 |
cr|||| |||| |
| 008 |
220511s2021 br |||||s|||| 00||0 por d |
| 020 |
|
|
|a 978-65-5883-032-0
|
| 035 |
|
|
|a 36385
|
| 040 |
|
|
|a vLex
|
| 090 |
|
|
|c 13322
|d 13322
|
| 100 |
1 |
|
|a Col̊ho Clemente, Evellyn Thiciane Macd̊o
|
| 245 |
1 |
1 |
|a O Princp̕io da Adequaȯ̂ Setorial na Negociaȯ̂ Coletiva Trabalhista
|h [Recurso electrn̤ico] /
|c Evellyn Thiciane Macd̊o Col̊ho Clemente
|
| 256 |
|
|
|a Servicio en ln̕ea
|
| 260 |
|
|
|a San Pablo:
|b LTR,
|c 2021
|
| 300 |
|
|
|a 1 recurso electrn̤ico
|
| 500 |
|
|
|a Este livro prope̳ uma reflexô jurd̕ica quanto ̉obrigatoriedade de observńcia dos limites da concessô estatal no desenvolvimento da negociaȯ̂ coletiva, com aplicabilidade do princp̕io da adequaȯ̂ setorial negociada. Foi inspirado no brilhante trabalho realizado pelo Ministro Mauricio Godinho Delgado, idealizador do instituto no direito do trabalho brasileiro, que com grande sapin̊cia tem demonstrado a importńcia da aplicaȯ̂ dos parḿetros principiolg̤icos a fim de buscar o equilb̕rio nas relaė̳s de trabalho, ante o embasamento nos pilares defendidos pela Constituiȯ̂ Federal de 1988 de um Estado Democrt̀ico de Direito.
|
| 506 |
1 |
|
|a Disponible solo en los productos indicados
|d vLex Global
|d vLex Global (Academic Edition, excluding Law Schools)
|d vLex Global (U.S. Academic Edition, Law Schools)
|d vLex Global (U.S. Academic Edition, excluding Law Schools)
|d vLex Global (Academic Edition, Law Schools)
|
| 650 |
0 |
4 |
|a Derecho Laboral y Seguridad Social
|z Brasil
|
| 740 |
0 |
|
|a vLex Libros (Servicio en ln̕ea)
|
| 856 |
4 |
0 |
|u https://app.vlex.com/#/sources/36385
|z Acceso restringido
|
| 942 |
|
|
|c BOOK
|
| 999 |
0 |
|
|a Labor law and social security
|